o circo ambulante (Record no. 44232)

MARC details
000 -Etiqueta do registo
Valores 00456nam a2200169 4500
100 ## - Dados gerais de processamento
Dados gerais 20250213 pory50
101 ## - Língua de publicação
Língua por
102 ## - País de publicação
País portugal
200 ## - Titulo e menção de responsabilidade
Título próprio o circo ambulante
Primeira menção de responsabilidade Malcolm Saville
Outras menções de responsabilidade T. R. Freeman il. ; José Parreira Alves
210 ## - Publicação
Local de publicação Lisboa
Nome do editor Inquérito
Data de publicação [s.d]
215 ## - Descrição física 
Paginação / Volumes 172 p.
Outras indicações físicas il.
Dimensões 18 cm
225 ## - Colecção 
Título próprio da colecção As aventuras de Susana e Guilherme
Informação de outro título 7
675 ## - CDU
Notação 82-93
801 ## - Fonte de origem
País PT
Regras de catalogação RPC
990 ## - Elementos KOHA
Tipo de documento Livro
Holdings
Aquisição Empréstimo Código de barras Cota Permissão de empréstimo Tipo de documento
Biblioteca Municipal de Redondo Biblioteca Municipal de Redondo 052408 82-93 SAV   Livro

Powered by Koha